Đang tải...
Smaran ko pathey banane do /
| Tác giả chính: | |
|---|---|
| Ngôn ngữ: | Undetermined |
| Được phát hành: |
1974.
|
| LEADER | 00370nam a2200121Ia 4500 | ||
|---|---|---|---|
| 001 | 169912 | ||
| 008 | 170722s9999 xx 000 0 und d | ||
| 100 | |a Sastri, V. | ||
| 245 | |a Smaran ko pathey banane do / | ||
| 260 | |c 1974. | ||
| 942 | |c GEN | ||
| 999 | |c 173138 |d 173138 | ||
| 952 | |0 0 |1 0 |4 0 |6 O_152G_L74 |7 0 |8 LC1 |9 238881 |a LIB |b LIB |d 2017-08-12 |h LC1 |o O152:g L74 |p G9283 |r 2017-08-12 |w 2017-08-12 |y GEN | ||